|
|
|
|
| LEADER |
00000nam a2200000 a 4500 |
| 001 |
vtls001094833 |
| 003 |
SK-MaSNL |
| 005 |
20260301142142.0 |
| 008 |
180814s1985 xo bo g e 00100 slo |
| 015 |
|
|
|a SNBA1985/07
|
| 035 |
|
|
|a SNK000037675
|
| 040 |
|
|
|a SNK
|b slo
|c SNK
|e AACR2
|
| 041 |
0 |
|
|a slo
|
| 043 |
|
|
|a e-xo---
|
| 044 |
|
|
|a xo
|c SK
|
| 072 |
|
7 |
|a 94(437)
|x Dejiny Česka a Slovenska
|2 konspekt
|
| 072 |
|
7 |
|a 355/359
|x Vojenstvo. Obrana krajiny. Ozbrojené sily
|2 konspekt
|
| 080 |
|
|
|a 94(437.6)"1944"
|2 2011
|
| 080 |
|
|
|a 94(100)"1939/1945"
|2 2011
|
| 080 |
|
|
|a 323.25/.26:329.18
|2 2011
|
| 080 |
|
|
|a 94(437.6)
|2 2011
|
| 080 |
|
|
|a (031)
|2 2011
|
| 245 |
0 |
0 |
|a Dejiny Slovenského národného povstania 1944
|n 5. zväzok
|p Encyklopédia odboja a SNP
|c [zostavili Viliam Plevza, Jozef Vladár, Katarína Žišková-Moroňová ; vedecká redakcia Viliam Plevza]
|
| 246 |
3 |
0 |
|a Encyklopédia odboja a SNP
|
| 250 |
|
|
|a 2. vyd.
|
| 260 |
|
|
|a Bratislava
|b Pravda
|c 1985
|
| 300 |
|
|
|a 648, [32] s. obr. príl.
|b fotogr., mp., noty, tab.
|c 28 cm
|
| 366 |
|
|
|e 15000 výt.
|
| 500 |
|
|
|a Rozlož. tit. list
|
| 650 |
0 |
7 |
|a Slovenské národné povstanie (1944)
|2 SNKPH
|9 177948
|
| 650 |
0 |
7 |
|a druhá svetová vojna (1939-1945)
|2 SNKPH
|9 169657
|
| 650 |
0 |
7 |
|a protifašistický odboj
|2 SNKPH
|9 4751
|
| 650 |
0 |
7 |
|a Slovak uprising (1944)
|2 SNKPHeng
|9 268548
|
| 650 |
0 |
7 |
|a World War (1939-1945)
|2 SNKPHeng
|9 284172
|
| 650 |
0 |
7 |
|a Anti-fascist movements
|2 SNKPHeng
|9 265181
|
| 651 |
|
7 |
|a Slovensko
|x dejiny
|2 SNKPH
|9 13278
|
| 651 |
|
7 |
|a Slovakia
|x history
|2 SNKPHeng
|9 266841
|
| 655 |
|
7 |
|a encyklopédie
|2 SNKPH
|9 28776
|
| 655 |
|
7 |
|a Encyclopedias
|2 SNKPHeng
|9 90422
|
| 700 |
1 |
|
|a Plevza, Viliam,
|d 1934-
|4 com
|9 194265
|
| 700 |
1 |
|
|a Vladár, Jozef,
|d 1934-2025
|4 com
|9 85377
|
| 700 |
1 |
|
|a Žišková-Moroňová, Katarína
|4 zos
|9 497305
|
| 700 |
1 |
|
|a Veselý, Milan,
|d 1939-2015
|4 gup
|9 105300
|
| 700 |
1 |
|
|a Takáč, Oto
|4 gup
|9 276997
|
| 700 |
1 |
|
|a Lužák, Ivan
|4 gup
|9 280199
|
| 958 |
|
|
|a OND
|
| 958 |
|
|
|a SK
|
| 958 |
|
|
|a SP
|
| 999 |
|
|
|c 769332
|d 771262
|
| 952 |
|
|
|a SNK
|b SNK
|y PREZ
|7 0
|p 17A0781373
|o snkSB 35861/5
|0 0
|1 0
|4 0
|d 2012-03-26
|f 1
|l 0
|r 2025-04-14 00:00:00
|w 2026-02-24
|
| 952 |
|
|
|a SNK
|b SNK
|y VYP
|7 0
|p 17A0211053
|o snkSB 35861/5 D1
|i snkKSP 3884/85
|3 Poškodená väzba
|0 0
|1 0
|4 0
|d 1999-09-17
|l 0
|r 2004-12-31 00:00:00
|w 2026-02-24
|